000 01291cab a22002535a 4500
001 L137848
008 070502e20070428xxkado 000 0 eng d
035 _a(Sirsi) u137848
041 0 _aeng
100 1 _aCunningham, Daniel
245 0 0 _aFocus
_bBristol, Bath and Swindon
260 _c2007
490 0 _aEstates Gazette
_v(668) 28 April 2007, 116-159(17)
520 _aDetails the Cabot Circus project, a £500m extension to Bristol's Broadmead shopping centre. Planned office developments in Bristol are aimed at filling the supply gap, but a declicate balance needs to be struck. The industrial property market can expect some new developments. Bath's SouthGate shopping and leisure scheme has is going ahead after a long wait for planning permission. Office plans in Swindon are raising concerns about oversupply. Two business parks are planned for Weston-Super-Mare, and could find themselves in competition. Profiles Grant Watson, a chartered surveyor and chartered auctioneer.
590 _aKA
651 4 _aSouth West (England)
_y1994-
690 _aPROPERTY-COMMERCIAL PROPERTY-COMMERCIAL PROPERTY MARKET
700 1 _aAugust, Alysia
700 1 _aMeadwell, Stacey
700 1 _aJack, Simon
700 1 _aCavanagh, Elaine
700 1 _aElghamry, Nadia
942 _n0
999 _c78724
_d78724